000 03241nam a2200649 i 4500
001 60055
003 CO-BoRNBP
005 20251205161552.0
007 ta
008 880819s1979 sp | ||| ||spa
017 _aM 12934-1979
_bOficina Depósito Legal Madrid
020 _a8437601819
040 _aSpMaBN
_bspa
_cSpMaBN
_erdc
080 _a929 Teresa de Jesús, Santa
100 0 _aTeresa de Jesús,
_cSanta
_d1515-1582
_967646
240 1 0 _aLibro de la vida
245 1 0 _aLibro de la vida
_h[Texto impreso]
_cSanta Teresa de Jesús ; edición de Dámaso Chicharro
250 _a1a. edición
300 _a483 p.
_c18 cm
336 _2rdacontent
_atexto
_btxt
337 _2rdamedia
_asin mediación
_bn
338 _2rdacarrier
_avolumen
_bnc
504 _aBibliografía: p. 105-114
600 0 7 _aTeresa de Jesús,
_d1515-1582
_xBiografías
_967647
650 _2LEMB
700 1 _aChicharro, Dámaso
_d1948-
_967648
942 _2ddc
_cBK
956 _a1 2
980 _aM 29073-2011
_a978-84-376-0181-6
_aSpMaBN
_bBNALCALA
_jDL/2059957
_cCONSERVACI
980 _aM 17946-1982
_aSpMaBN
_bBNALCALA
_jDL/192887
_cCONSERVACI
980 _aM 34216-2009
_a978-84-376-0181-6
_aSpMaBN
_bBNALCALA
_jDL/1823790
_cCONSERVACI
980 _aM 29073-2011
_a978-84-376-0181-6
_aSpMaBN
_bBNALCALA
_jAHMO/650967
_cSG_PETANTI
980 _aM 34216-2009
_a 978-84-376-0181-6
_aSpMaBN
_bBNALCALA
_jAHMO/481747
_cSG_PETANTI
980 _aM 11232-1987
_a84-376-0181-9
_aSpMaBN
_bBNMADRID
_j3/141978
_cSG_RECOLET
980 _aM 12934-1979
_a84-376-0181-9
_aSpMaBN
_bBNMADRID
_j4/153832
_cSG_RECOLET
980 _aM 17612-1981
_a84-376-0181-9
_aSpMaBN
_bBNMADRID
_j4/180899
_cSG_RECOLET
980 _aSpMaBN
_bBNMADRID
_j9/36257
_cSG_RECOLET
980 _aM 5908-1990
_bOficina Depósito Legal Madrid
_a84-376-0181-9
_aSpMaBN
_bBNMADRID
_kSB-6
_h82
_dAHM/82478
_cREF_SALON
980 _aM 27766-1993
_aSpMaBN
_bBNALCALA
_jAHM/82583
_cSG_PETANTI
980 _aM 36229-1994
_aSpMaBN
_bBNALCALA
_jAHM/161858
_cSG_PETANTI
980 _aM 12934-1979
_aSpMaBN
_bBNALCALA
_jAHM/287320
_cSG_PETANTI
980 _aM 12934-1979
_a84-376-0181-9
_cDonado por
_aS. Tovar
_doctubre, 2004
_aSpMaBN
_bBNALCALA
_jAHM/831984
_cSG_PETANTI
980 _aM 5752-2004
_a84-376-0181-9
_aSpMaBN
_bBNALCALA
_cSG_PETANTI
_jAHMO/76170
980 _aM 16776-2006
_a84-376-0181-9
_aSpMaBN
_bBNALCALA
_cSG_PETANTI
_jAHMO/231330
980 _aM 12934-1979
_a84-376-0181-9
_aSpMaBN
_bBNALCALA
_jDL/109134
_cCONSERVACI
980 _aM 17612-1981
_a84-376-0181-9
_aSpMaBN
_bBNALCALA
_jDL/165963
_cCONSERVACI
980 _aM 38610-1982
_aSpMaBN
_bBNALCALA
_jDL/222596
_cCONSERVACI
980 _aSpMaBN
_bBNALCALA
_jDL/255358
_cCONSERVACI
980 _aM 11232-1987
_a84-376-0181-9
_aSpMaBN
_bBNALCALA
_jDL/343698
_cCONSERVACI
980 _aSpMaBN
_bBNALCALA
_jDL/498037
_cCONSERVACI
980 _aM 36229-1994
_aSpMaBN
_bBNALCALA
_jDL/651191
_cCONSERVACI
980 _aM 27766-1993
_aSpMaBN
_bBNALCALA
_jDL/756578
_cCONSERVACI
980 _aM 40172-1997
_aSpMaBN
_bBNALCALA
_jDL/816915
_cCONSERVACI
980 _aM 22270-2001
_a84-376-0181-9
_aSpMaBN
_bBNALCALA
_jDL/1097668
_cCONSERVACI
980 _aM 5752-2004
_a84-376-0181-9
_aSpMaBN
_bBNALCALA
_jDL/1311245
_cCONSERVACI
980 _aM 16776-2006
_a84-376-0181-9
_aSpMaBN
_bBNALCALA
_jDL/1515600
_cCONSERVACI
999 _c60055
_d60055